000 00814cam a2200193 4500
001 WB3915-04
008 030423n2003 000 0 eng u
035 _a(Sirsi) u122064
245 _aRetailer demand drops in high streets
260 _c2003
490 _aDonaldsons Press Release
_v 7 April 2003 (1)
520 _aLatest quarterly publication "Retail spotlight" from Donaldsons reveals falling demand for high street shops, indicating that shop unit rents are now increasing at only 0.5% a year. Copies of the full report are downloadable from http://www.donaldsons.co.uk http://www.donaldsons.co.uk/rcs/Reef/61706/pressoffice_pub/index.xml
590 _aWB
650 _aRETAIL UNITS
650 _aRETAIL RENTS
650 _aCONSUMER SPENDING
690 _aPROPERTY-COMMERCIAL PROPERTY
942 _n0
999 _c72528
_d72528